| 000 | 00487nam a2200181 4500 | ||
|---|---|---|---|
| 003 | SEACOMMC | ||
| 005 | 20250423112435.0 | ||
| 008 | 241023b |||||||| |||| 00| 0 eng d | ||
| 020 |
_a 978-93-84106-20-1 _cRs.220.00 |
||
| 040 | _aSEACOMMC | ||
| 082 |
_a512 _bM 297 |
||
| 100 | _aMapa, Sadhan Kumar | ||
| 245 | 1 |
_aHigher Algebra : Abstract and Linear _c Sadhan Kumar Mapa |
|
| 250 | _a9th ed. | ||
| 260 |
_a Kolkata _b levant Books _c 2006 |
||
| 650 | _a Algebra, abstract | ||
| 942 | _cBOOK | ||
| 999 |
_c690 _d690 |
||